000 00296nam a22001217a 4500
008 171013b xxu||||| |||| 00| 0 eng d
041 _aeng
080 _a316
100 _a51
101 _asoc
245 _aSTUDENT WORKBOOK FOR RESEARCH METHODS IN SOCIAL RELATIONS
_cDANE, F.C
942 _2udc
_cBK
999 _c33773
_d33773